La conquista de Marruecos en el año 1893 (Record no. 46821)

MARC details
000 -LEADER
campo de control de longitud fija 00751nam a2200205 i 4500
001 - NÚMERO DE CONTROL
campo de control 46821
003 - IDENTIFICADOR DE NÚMERO DE CONTROL
campo de control ES-MaACL
005 - FECHA Y HORA DE LA ÚLTIMA TRANSACCIÓN
campo de control 20230906161443.0
007 - CAMPO FIJO DE DESCRIPCIÓN FÍSICA--INFORMACIÓN GENERAL
campo de control de longitud fija t|
008 - DATOS DE LONGITUD FIJA--INFORMACIÓN GENERAL
campo de control de longitud fija 030401s1894 sp ||||1| spa d
080 ## - NÚMERO DE LA CLASIFICACIÓN DECIMAL UNIVERSAL
Número de la Clasificación Decimal Universal 94(64)"18"(0:82)
080 ## - NÚMERO DE LA CLASIFICACIÓN DECIMAL UNIVERSAL
Número de la Clasificación Decimal Universal 821.134.2-31"18"
100 1# - ENTRADA PRINCIPAL--NOMBRE DE PERSONA
Nombre de persona Kaid-er-Rjá.
9 (RLIN) 157196
245 13 - MENCIÓN DEL TÍTULO
Título La conquista de Marruecos en el año 1893
Resto del título : estudio de la última campaña llevada a cabo por franceses, ingleses y alemanes en el imperio de Marruecos /
Mención de responsabilidad, etc. por un Kaid-Er-Rjá ; traducida para El Mercantil Valenciano.
250 ## - MENCION DE EDICION
Mención de edición 3ª ed.
260 ## - PUBLICACIÓN, DISTRIBUCIÓN, ETC.
Lugar de publicación, distribución, etc. Valencia :
Nombre del editor, distribuidor, etc. Librería de Ramón Ortega,
Fecha de publicación, distribución, etc. 1894.
300 ## - DESCRIPCIÓN FÍSICA
Extensión 104 p. ;
Dimensiones 19 cm.
651 #4 - PUNTO DE ACCESO ADICIONAL DE MATERIA--NOMBRE GEOGRÁFICO
Nombre geográfico Marruecos-
Subdivisión general Historia-
Subdivisión cronológica S.XIX-
Subdivisión de forma Novelas.
9 (RLIN) 157197
852 ## - LOCALIZACIÓN
Ubicación ES-MaACL
Número de control de estantería D-3216
Holdings
Estatus retirado Estado de pérdida Estado de daño No para préstamo Colección Biblioteca de origen Biblioteca actual Ubicación en estantería Fecha de adquisición Fuente de adquisición Total de préstamos Signatura topográfica completa Código de barras Visto por última vez Precio de reemplazo Tipo de ítem Koha
        Libros del s. XIX Biblioteca del Ateneo de Madrid Biblioteca del Ateneo de Madrid Sala Valle Inclán 17/01/2008     D-3216 901049244 23/02/2023 23/02/2023 Libro impreso antiguo